[Event "Klatovy op-B"]
[Site "Klatovy"]
[Date "1998.??.??"]
[Round "?"]
[White "Danes, Filip"]
[Black "Kopp, Lubomir"]
[Result "1/2-1/2"]
[WhiteElo "1800"]
[BlackElo "1705"]
[PlyCount "85"]
[EventDate "1998.??.??"]
[EventType "swiss"]
[EventRounds "9"]
[EventCountry "CZE"]
[SourceTitle "EXT 2000"]
[Source "ChessBase"]
[SourceDate "1999.11.16"]
[SourceVersion "1"]
[SourceVersionDate "1999.11.16"]
[SourceQuality "1"]

1. d4 Nf6 2. Bg5 Ne4 3. Bf4 d6 4. f3 Nf6 5. e4 Nbd7 6. Bc4 e5 7. dxe5 dxe5 8. Be3 Qe7 9. Nc3 c6 10. Qd2 Nb6 11. Bb3 Be6 12. Qf2 Bxb3 13. axb3 Nfd7 14. Nge2 Qb4 15. 0-0 Bc5 16. Bxc5 Qxc5 17. Rfd1 Ke7 18. Rd2 a6 19. Rad1 Qxf2+ 20. Kxf2 Rad8 21. Ng3 g6 22. Nge2 Nc5 23. Rxd8 Rxd8 24. Rxd8 Kxd8 25. Ke3 Ne6 26. Nd1 a5 27. Nf2 Ke7 28. Ng4 Kd6 29. Kd3 Nd7 30. Ne3 b5 31. Kd2 h5 32. Kd3 Nf4+ 33. Kd2 Nxe2 34. Kxe2 Ke6 35. Nd1 f5 36. Nf2 Nc5 37. Nd3 Kd6 38. Nxc5 Kxc5 39. Kd3 f4 40. c3 Kd6 41. Kd2 Ke6 42. Ke2 Kf6 43. Kf2 1/2-1/2

[Event "Klatovy op-B"]
[Site "Klatovy"]
[Date "1998.??.??"]
[Round "?"]
[White "Kuttenberg, K."]
[Black "Danes, Filip"]
[Result "1/2-1/2"]
[WhiteElo "1675"]
[BlackElo "1800"]
[PlyCount "47"]
[EventDate "1998.??.??"]
[EventType "swiss"]
[EventRounds "9"]
[EventCountry "CZE"]
[SourceTitle "EXT 2000"]
[Source "ChessBase"]
[SourceDate "1999.11.16"]
[SourceVersion "1"]
[SourceVersionDate "1999.11.16"]
[SourceQuality "1"]

1. e4 e5 2. Nf3 Nc6 3. Bb5 a6 4. Ba4 Nf6 5. 0-0 Nxe4 6. Bxc6 dxc6 7. Re1 Nd6 8. Nxe5 Be7 9. d3 0-0 10. h3 f5 11. f4 Bf6 12. Nd2 Nb5 13. Ndf3 c5 14. a4 Nd4 15. c3 Nxf3+ 16. Nxf3 b6 17. Ne5 Bb7 18. b3 Qd5 19. Ra2 Rfe8 20. c4 Qd4+ 21. Be3 Qd6 22. d4 Rad8 23. Rd2 cxd4 24. Bxd4 1/2-1/2